000 01037nam a2200325Ia 4500
001 76628
003 IT-RoPAU
008 130308s9999 xx 000 0 und d
040 _aIT-RoPAU
040 _cIT-RoPAU
041 _aITALIANO
100 _aDonati Pierpaolo
100 _gCodice Aut. SPICS: 7150
245 _aNuove tecnologie, comunicazione e mondi vitali
245 _bNuove Tecnologie, Comunicazione e mondi Vitali
250 _a1a ed.
260 _aMILANO
260 _bAngeli Franco
260 _c1989 [1° Ed.:1989 - Ed.Ling.Originale:1989]
300 _a"252 p. (prefazione: no ; testo: 252 [pagine: 0-0])"
500 _aNuove tecnologie comunicative e Famiglia Famiglia e Comunicazione prospettive Teoriche Articoli di Autori Vari
650 _aSOCIOLOGIA DELLA COMUNICAZIONE SOCIALE
650 _eCodice materia Spics: 3806
700 _aMartelli StefanoGili Guido
700 _gCodice Aut. SPICS: 26883Codice Aut. SPICS: 26884
942 _cBK
957 _71
999 _c67502
_d67502
999 _bSI
999 _g1